Tu nasceste para ser feliz (Record no. 2051)

MARC details
000 -Etiqueta do registo
Valores 00573nam a2200229 4500
010 ## - Número ISBN
ISBN 9789899254251
021 ## - Número do Depósito Legal
Código do país Portugal
Número 537764/25
100 ## - Dados gerais de processamento
Dados gerais 20260212d2025 d||y0pory50030103ba
101 ## - Língua de publicação
Língua Português
102 ## - País de publicação
País Portugal
200 ## - Titulo e menção de responsabilidade
Título próprio Tu nasceste para ser feliz
Primeira menção de responsabilidade Vera de Melo
205 ## - Menção da edição
Edição 1ª edição
210 ## - Publicação
Local de publicação Lisboa
Nome do editor Manuscrito
Data de publicação 2025
215 ## - Descrição física 
Paginação / Volumes 138, [5] p.
Outras indicações físicas il.
Dimensões 21 cm
300 ## - Notas gerais 
Texto da nota BMB-Registado
606 ## - Nome comum usado como assunto
ID Autoridade 815
Palavra de ordem Literatura Juvenil
675 ## - CDU
Notação 087.5
Edição BMB
Língua por
700 ## - Autor principal (pessoa individual)
Apelido Melo
Nome Vera de
ID Autoridade 2940
801 ## - Fonte de origem
País PT
Agência BMB
Regras de catalogação RPC
990 ## - Elementos KOHA
Tipo de documento Livro
Holdings
Situação do levantamento Estado Número Biblioteca de origem Código de barras Cota Permissão de empréstimo Tipo de documento Forma de aquisição
    1 Biblioteca Municipal de Borba 2001 087.5 BLY / TU   Livro Compra
Biblioteca Municipal de Borba

Powered by Koha